000 00447ntaaa2200181 4500
003 01
005 20251027201455.0
008 0714s1973 ag 01
040 _aAR-BaBN
_bspa
_cAR-BaBN
_eaacr
_dRIC
082 _a226.6000 C11
100 _aCadbury, Henry J.
_913239
245 _aBook of Acts in history
250 _a1 ed.
260 _aLondon :
_bAdam and Charles Black,
_c1955
300 _a170 p.
650 _aBiblia-N.T.-Hechos
942 _cBK
999 _c9306
_d9306